Quick Pick: 'D' Food Quiz Stats

 Plays Quiz Updated Jan 25, 2018

Score 0/15 Timer 01:00
7 Plays Today
% Correct
dragonfruit
96.9%
duck
96.9%
donut
96.8%
dumpling
96.6%
dill
94.8%
date
94.2%
dimsum
81.7%
daikon
66%
% Correct
dolma
64.2%
dhal
63.7%
durian
62.3%
dosa
49.4%
divinity
43.7%
desirée
26.6%
duff
20.8%

Today's Daily Dose

Missing Word
Arizona A-Z

Word Ladder
Greek Letters II

Get the Picture
US National Parks

You're not logged in!

Compare scores with friends on all Sporcle quizzes.
OR
Log In

You Might Also Like...

Show Comments

Extras

Top Quizzes Today


Score Distribution

Your Account Isn't Verified!

In order to create a playlist on Sporcle, you need to verify the email address you used during registration. Go to your Sporcle Settings to finish the process.

Report this User

Report this user for behavior that violates our Community Guidelines.

Details: